[Event "Mechanics' Spring TNM; 30/90, SD/30"]
[Site "San Francisco"]
[Date "2013.05.07"]
[Round "8.25"]
[White "Cheng, Andrew"]
[Black "Gardiner, Paul"]
[Result "0-1"]
[WhiteElo "1425"]
[BlackElo "1605"]
[PlyCount "50"]
[EventDate "2013.??.??"]

1. c4 Nf6 2. d4 c5 3. d5 b5 4. e3 bxc4 5. Bxc4 d6 6. Nc3 g6 7. Nf3 Bg7 8. O-O
O-O 9. e4 Nbd7 10. Bg5 Rb8 11. Rb1 Re8 12. Re1 Ng4 13. h3 Nge5 14. Nxe5 Nxe5
15. Bb3 Ba6 16. Qd2 Qc7 17. Bh6 Bh8 18. f4 Nd3 19. Re3 Bd4 20. Kh2 Bxe3 21.
Qxe3 c4 22. f5 cxb3 23. fxg6 hxg6 24. Rf1 Ne5 25. h4 Ng4+ 0-1

[Event "Mechanics' Spring TNM; 30/90, SD/30"]
[Site "San Francisco"]
[Date "2013.04.30"]
[Round "7.29"]
[White "Cheng, Andrew"]
[Black "Montoya, Daniel"]
[Result "1/2-1/2"]
[WhiteElo "1425"]
[BlackElo "1570"]
[PlyCount "77"]
[EventDate "2013.??.??"]

1. c4 e5 2. Nc3 Nc6 3. Nf3 f5 4. d3 Nf6 5. Bg5 Be7 6. Bxf6 Bxf6 7. Nd5 O-O 8.
e4 d6 9. Be2 Be6 10. O-O Qd7 11. Qb3 Rab8 12. Nd2 Bd8 13. exf5 Bxd5 14. cxd5
Nd4 15. Qd1 Nxe2+ 16. Qxe2 Qxf5 17. Ne4 Qf7 18. Nc3 Bg5 19. Rad1 Qf4 20. g3 Qf3
21. Qxf3 Rxf3 22. Ne4 Bh6 23. d4 Re8 24. dxe5 Rxe5 25. Rfe1 Kf7 26. Nc3 Rff5
27. Kf1 Kf6 28. Rxe5 Rxe5 29. Re1 Rxe1+ 30. Kxe1 a6 31. f4 g6 32. Ke2 Kf5 33.
Kf3 Bg7 34. g4+ Kf6 35. Ke4 Ke7 36. h4 c6 37. Nd1 Bf6 38. g5 Bg7 39. b3 1/2-1/2

[Event "Mechanics' Summer TNM; 30/90, SD/30"]
[Site "San Francisco"]
[Date "2013.07.09"]
[Round "7.9"]
[White "Chernobilskiy, Mikhail"]
[Black "Andries, Craig"]
[Result "0-1"]
[WhiteElo "1864"]
[BlackElo "1963"]
[PlyCount "70"]
[EventDate "2013.??.??"]

1. d4 Nf6 2. c4 g6 3. Nc3 d6 4. e4 Bg7 5. f3 c6 6. Be3 Nbd7 7. Qd2 Qa5 8. g4
Nb6 9. b3 a6 10. Nge2 h5 11. g5 Nfd7 12. Bh3 c5 13. f4 O-O 14. f5 cxd4 15. Nxd4
Ne5 16. O-O Bd7 17. Nd5 Qxd2 18. Nxe7+ Kh8 19. Bxd2 Nexc4 20. Bc3 Ne5 21. Kg2
Rfe8 22. f6 Bf8 23. Bxd7 Nbxd7 24. Nd5 Rac8 25. Rac1 Nc5 26. Nf3 Ned3 27. e5
Nxc1 28. Rxc1 Ne4 29. exd6 Bxd6 30. Nd4 Nxc3 31. Nxc3 Bf4 32. Rf1 Bxg5 33. Nd5
Rcd8 34. Nc7 Re4 35. Nf3 Bf4 0-1

[Event "Mechanics' Fall TNM; 30/90, SD/30"]
[Site "San Francisco"]
[Date "2013.10.29"]
[Round "2.5"]
[White "Chernobilskiy, Mikhail"]
[Black "Doyle, Bryon"]
[Result "0-1"]
[WhiteElo "1883"]
[BlackElo "2076"]
[Annotator "Donaldson"]
[PlyCount "60"]
[EventDate "2013.??.??"]

1. e4 e5 2. Nf3 Nc6 3. Bb5 a6 4. Bxc6 dxc6 5. O-O Bg4 6. d3 Qf6 7. Nbd2 Ne7 8.
Re1 Ng6 9. h3 h5 10. hxg4 hxg4 11. Nh2 $2 (11. g3 $11) 11... Bc5 12. d4 (12.
Ndf3 Bxf2+ 13. Kxf2 Rxh2 14. Kg1 gxf3 15. Kxh2 f2 $19) 12... Bxd4 13. Ndf3 gxf3
14. Nxf3 O-O-O 15. Nxd4 Qh4 16. f3 Rxd4 17. Qe2 Qh2+ 18. Kf1 Nf4 19. Bxf4 Qxf4
20. Rad1 Rh1+ 21. Kf2 Qh4+ 22. Ke3 Qg5+ 23. Kf2 Rh2 24. Rg1 Qd8 25. c3 Rxd1 26.
Qxd1 Qh4+ 27. Ke3 Qg3 28. Qe2 Rh6 29. Qc4 Qg5+ 30. Ke2 Rd6 0-1

[Event "Mechanics' Spring TNM; 30/90, SD/30"]
[Site "San Francisco"]
[Date "2013.04.09"]
[Round "4.22"]
[White "Chernobilskiy, Mikhail"]
[Black "Frank, Robert"]
[Result "1-0"]
[WhiteElo "1864"]
[BlackElo "1264"]
[PlyCount "41"]
[EventDate "2013.??.??"]

1. d4 Nf6 2. c4 e6 3. Nc3 Bb4 4. f3 d5 5. e3 O-O 6. Bd3 c5 7. Nge2 Nc6 8. O-O
cxd4 9. exd4 dxc4 10. Bxc4 Qb6 11. Kh1 Rd8 12. Na4 Qa5 13. a3 Be7 14. b4 Nxb4
15. axb4 Qxb4 16. Ba3 Qxc4 17. Bxe7 Rd7 18. Bxf6 gxf6 19. Nb6 axb6 20. Rxa8 Kg7
21. Qd2 1-0

[Event "Mechanics' Spring TNM; 30/90, SD/30"]
[Site "San Francisco"]
[Date "2013.05.07"]
[Round "8.10"]
[White "Chernobilskiy, Mikhail"]
[Black "Grey, Peter"]
[Result "1/2-1/2"]
[WhiteElo "1864"]
[BlackElo "2015"]
[PlyCount "76"]
[EventDate "2013.??.??"]

1. e4 e5 2. Nf3 Nc6 3. Bc4 Nf6 4. Ng5 d5 5. exd5 b5 6. Bf1 Nd4 7. c3 Nxd5 8.
Nxf7 Kxf7 9. cxd4 exd4 10. Qf3+ Nf6 11. Qxa8 Bc5 12. Be2 Re8 13. O-O Rxe2 14.
b4 Bb6 15. d3 Qe8 16. Bg5 Qe6 17. Qf3 Bd7 18. Bxf6 gxf6 19. Qh5+ Kg7 20. Na3 a6
21. Qh3 Qxh3 22. gxh3 Bxh3 23. Rfe1 Bg4 24. h3 Rxe1+ 25. Rxe1 Bxh3 26. f3 Bf5
27. Rd1 c5 28. bxc5 Bxc5 29. Nb1 Bd6 30. Kf2 Bf4 31. Ke2 Kf7 32. Nd2 h5 33. Rh1
Bg6 34. Nb3 Be5 35. Rh4 f5 36. Nc5 Bf6 37. Rh1 Ke7 38. Nxa6 Kd6 1/2-1/2

[Event "Mechanics' Neil Falconer TNM; 30/90, SD"]
[Site "San Francisco"]
[Date "2013.10.01"]
[Round "9.12"]
[White "Chernobilskiy, Mikhail"]
[Black "Hakobyan, Sos"]
[Result "1/2-1/2"]
[WhiteElo "1883"]
[BlackElo "1844"]
[PlyCount "110"]
[EventDate "2013.??.??"]

1. e4 e6 2. d4 d5 3. e5 c5 4. Nf3 Nc6 5. dxc5 Bxc5 6. Bd3 Qc7 7. Bf4 Qb6 8. O-O
Qxb2 9. Nbd2 Qb6 10. c4 d4 11. Ng5 g6 12. Qf3 Qc7 13. Rfe1 b6 14. Nde4 Bb7 15.
Nd6+ Bxd6 16. exd6 Qd7 17. Ne4 O-O-O 18. c5 f5 19. Ng5 e5 20. Bc4 Nb4 21. Qb3
Qc6 22. Be6+ Kb8 23. f3 exf4 24. Nf7 Nf6 25. Nxh8 Rxh8 26. Qxb4 Qxc5 27. Qxc5
bxc5 28. Rac1 Rd8 29. Rxc5 Rxd6 30. Kf2 a6 31. Bc4 Nd7 32. Ra5 Ka7 33. Re7 Kb6
34. Ra3 Kc5 35. Bd3 h5 36. h4 Kb6 37. Ke1 Nc5 38. Bc4 a5 39. Re2 a4 40. Rb2+
Kc7 41. Rb5 Kc6 42. Rb2 Rd8 43. Bb5+ Kd5 44. Bxa4 Ba6 45. Bb3+ Kd6 46. Rd2 d3
47. Rxa6+ Nxa6 48. Rxd3+ Ke7 49. Rxd8 Kxd8 50. Bf7 Nb4 51. Bxg6 Nxa2 52. Bxf5
Nc3 53. Bg6 Nd5 54. Bxh5 Ne3 55. Kf2 Nf5 1/2-1/2

[Event "Mechanics' Spring TNM; 30/90, SD/30"]
[Site "San Francisco"]
[Date "2013.04.16"]
[Round "5.10"]
[White "Chernobilskiy, Mikhail"]
[Black "Hua, Arnold"]
[Result "0-1"]
[WhiteElo "1864"]
[BlackElo "2000"]
[Annotator "Donaldson, Sherwood"]
[PlyCount "138"]
[EventDate "2013.??.??"]

1. e4 c5 2. c3 d5 3. exd5 Qxd5 4. d4 Nf6 5. Nf3 e6 6. Bd3 Be7 7. O-O O-O 8. Qe2
cxd4 9. cxd4 Nc6 10. Rd1 Nb4 11. Nc3 Qh5 12. Bb1 b6 13. a3 Ba6 14. Qe5 Nc6 15.
Qxh5 Nxh5 16. Be4 Rac8 17. Be3 (17. d5 $142) 17... Nf6 18. Bd3 Bxd3 19. Rxd3
Rfd8 20. Rad1 Nd5 21. Kf1 Na5 22. Nxd5 exd5 (22... Rxd5 $142) 23. b4 Nc4 24.
Ne5 $4 Nb2 25. Ke2 Nxd1 26. Kxd1 f6 27. Nf3 a6 28. g4 Rd6 29. Bf4 Rdc6 30. Bd2
Bd6 31. h3 Rc4 32. Nh4 g6 33. Ng2 a5 34. Ne3 axb4 35. axb4 Bxb4 $2 (35... b5
36. Nxd5 Rf8) 36. Nxd5 Bxd2 37. Ne7+ Kf7 38. Nxc8 Rxc8 39. Kxd2 $11 Ke6 40. Rb3
Rb8 41. Rb5 Kd6 42. Kd3 Kc6 43. Kc4 Ra8 44. d5+ Kc7 45. d6+ $2 (45. Rb3) 45...
Kc6 46. Rb3 Rd8 47. f4 Rxd6 48. h4 Rd5 49. Re3 ({winning was} 49. Rxb6+ $1 Kxb6
50. Kxd5) 49... b5+ 50. Kc3 Kd7 51. Re4 Rd1 52. g5 f5 53. Re5 Kc6 54. Re7 Rd7
55. Re6+ Kc5 56. Re5+ Kb6 57. Re8 Rc7+ 58. Kd3 Ka5 59. Rf8 Kb4 60. h5 gxh5 61.
Rxf5 h4 62. Rf6 Ka3 63. Rh6 b4 64. Rxh4 b3 65. Rh6 b2 66. Ra6+ Kb3 67. Rb6+ Ka2
68. Ra6+ Kb1 69. f5 Kc1 ({At this point, White could have drawn by} 69... Kc1
70. Rb6 b1=Q+ 71. Rxb1+ Kxb1 72. Ke4) 0-1

[Event "Mechanics' Fall TNM; 30/90, SD/30"]
[Site "San Francisco"]
[Date "2013.11.26"]
[Round "6.4"]
[White "Chernobilskiy, Mikhail"]
[Black "Ivanov, Aleksandr"]
[Result "0-1"]
[WhiteElo "1883"]
[BlackElo "2103"]
[PlyCount "60"]
[EventDate "2013.??.??"]

1. e4 c6 2. d4 d5 3. exd5 cxd5 4. c4 Nf6 5. Nc3 Nc6 6. Bg5 Bg4 7. Qa4 e6 8. h3
Bf5 9. g4 Be4 10. f3 Bg6 11. c5 Be7 12. Bb5 Qd7 13. Nge2 O-O 14. Nf4 Qc7 15.
O-O-O Rad8 16. Nxg6 fxg6 17. Rhe1 e5 18. Bxc6 exd4 19. Qxd4 bxc6 20. Bf4 Qb7
21. Re6 Ne4 22. Rxe7 Qxe7 23. Qe3 d4 24. Rxd4 Rxd4 25. Qxd4 Rxf4 26. Nxe4 Rxf3
27. Qc4+ Qf7 28. Qe2 Qf4+ 29. Kc2 Re3 30. Qd2 Qxe4+ 0-1

[Event "Mechanics' Summer TNM; 30/90, SD/30"]
[Site "San Francisco"]
[Date "2013.06.11"]
[Round "3.25"]
[White "Chernobilskiy, Mikhail"]
[Black "Montoya, Daniel"]
[Result "1-0"]
[WhiteElo "1864"]
[BlackElo "1570"]
[PlyCount "32"]
[EventDate "2013.??.??"]

1. d4 d5 2. c4 dxc4 3. e4 Nc6 4. Be3 Nf6 5. Nc3 Bg4 6. f3 Bd7 7. Bxc4 e6 8.
Nge2 Bb4 9. O-O O-O 10. e5 Ne8 11. Ne4 f5 12. Ng5 Qe7 13. a3 f4 14. Nxe6 Bxe6
15. Bxe6+ Qxe6 16. Nxf4 Qb3 $4 1-0

[Event "Mechanics' Neil Falconer TNM; 30/90, SD"]
[Site "San Francisco"]
[Date "2013.09.03"]
[Round "5.11"]
[White "Chernobilskiy, Mikhail"]
[Black "Muller, Raymond"]
[Result "1-0"]
[WhiteElo "1883"]
[BlackElo "1402"]
[PlyCount "67"]
[EventDate "2013.??.??"]

1. c4 e6 2. Nc3 Nf6 3. d4 Bb4 4. Qc2 d5 5. Bg5 dxc4 6. e3 h6 7. Bh4 g5 8. Bg3
Nc6 9. Bxc4 a6 10. Nf3 Bd6 11. O-O-O Qe7 12. e4 Bxg3 13. hxg3 g4 14. Ng5 Ng8
15. Qd2 f6 16. Nxe6 Bxe6 17. Bxe6 Qxe6 18. d5 Qd7 19. dxc6 Qxc6 20. Kb1 Rh7 21.
Nd5 Rd7 22. Qf4 Rg7 23. Rc1 Qb5 24. Nxc7+ Rxc7 25. Qxc7 Qd3+ 26. Ka1 Qxe4 27.
Rhe1 f5 28. Qxb7 Rd8 29. Rxe4+ fxe4 30. Qxe4+ Kf7 31. Qf5+ Nf6 32. Rc7+ Kg8 33.
Qg6+ Kh8 34. Qg7# 1-0

[Event "Mechanics' Summer TNM; 30/90, SD/30"]
[Site "San Francisco"]
[Date "2013.05.28"]
[Round "1.27"]
[White "Chernobilskiy, Mikhail"]
[Black "Rubandhas, Samprabhu"]
[Result "1-0"]
[WhiteElo "1864"]
[BlackElo "1333"]
[PlyCount "123"]
[EventDate "2013.??.??"]

1. e4 e5 2. Nf3 Nc6 3. Bb5 a6 4. Bxc6 dxc6 5. O-O Bd6 6. d4 Bg4 7. dxe5 Bxf3 8.
Qxf3 Bxe5 9. Nc3 Qf6 10. Qxf6 Nxf6 11. Re1 O-O-O 12. f3 h6 13. Be3 g5 14. Rad1
Nh5 15. g3 f6 16. Kf2 Ng7 17. Rxd8+ Rxd8 18. Rd1 Ne6 19. Rxd8+ Kxd8 20. Nd1 b5
21. b4 Kd7 22. c3 c5 23. Ke2 cxb4 24. cxb4 Kd6 25. Kd3 c5 26. a3 Bd4 27. f4
Bxe3 28. Kxe3 cxb4 29. axb4 Nd8 30. Nc3 Nc6 31. Nd5 Ke6 32. Nc7+ Kd6 33. Nxa6
Ke7 34. Kd3 Kd8 35. Kc3 Kc8 36. Nc5 Nd8 37. e5 fxe5 38. fxe5 Nc6 39. Nd3 Kd7
40. Nc5+ Ke7 41. Kd3 Nxe5+ 42. Ke4 Ng4 43. h4 Nf2+ 44. Kf3 Nh3 45. Kg4 Nf2+ 46.
Kh5 Kf6 47. Kxh6 gxh4 48. gxh4 Ng4+ 49. Kh5 Kf5 50. Nd7 Nf6+ 51. Nxf6 Kxf6 52.
Kg4 Kg6 53. Kf4 Kh5 54. Ke5 Kxh4 55. Kd5 Kg5 56. Kc5 Kf6 57. Kxb5 Ke7 58. Kc6
Kd8 59. Kb7 Kd7 60. b5 Kd6 61. b6 Kd7 62. Ka8 1-0

[Event "Mechanics' Neil Falconer TNM; 30/90, SD"]
[Site "San Francisco"]
[Date "2013.08.06"]
[Round "1.21"]
[White "Chernobilskiy, Mikhail"]
[Black "Simpkins, Jerry"]
[Result "1-0"]
[WhiteElo "1883"]
[BlackElo "1465"]
[PlyCount "39"]
[EventDate "2013.??.??"]

1. e4 e5 2. f4 d5 3. exd5 e4 4. Nc3 f5 5. d3 Nf6 6. dxe4 fxe4 7. Be3 Bf5 8.
Nge2 Ng4 9. Qd4 Nxe3 10. Qxe3 Bb4 11. O-O-O Qe7 12. Nd4 O-O 13. Bc4 Kh8 14.
Nxf5 Rxf5 15. Nxe4 Bd6 16. g3 Nd7 17. Rhe1 Re8 18. Nxd6 Qxd6 19. Qxe8+ Rf8 20.
Qe7 1-0

[Event "Mechanics' Fall TNM; 30/90, SD/30"]
[Site "San Francisco"]
[Date "2013.11.12"]
[Round "4.12"]
[White "Chernobilskiy, Mikhail"]
[Black "Solomonik, Edgar"]
[Result "1-0"]
[WhiteElo "1883"]
[BlackElo "1806"]
[PlyCount "63"]
[EventDate "2013.??.??"]

1. e4 c6 2. d4 d5 3. exd5 cxd5 4. c4 Nf6 5. Nc3 Nc6 6. Nf3 e6 7. c5 b6 8. b4
Nxb4 9. Qa4+ Nc6 10. Bb5 Bd7 11. Bxc6 bxc5 12. Bxd7+ Qxd7 13. Qxd7+ Nxd7 14.
Nb5 Kd8 15. O-O a6 16. Nc3 cxd4 17. Nxd4 Rc8 18. Nce2 e5 19. Nf3 Rc2 20. Bd2
Ba3 21. Rfd1 d4 22. Ne1 Rc4 23. Rab1 Ke7 24. Nd3 Ke6 25. Bb4 Bxb4 26. Rxb4 Rc2
27. Rxd4 Nf6 28. Re1 e4 29. Rxe4+ Nxe4 30. Nd4+ Kd5 31. Nxc2 Rc8 32. Ndb4+ 1-0

[Event "Mechanics' Neil Falconer TNM; 30/90, SD"]
[Site "San Francisco"]
[Date "2013.08.20"]
[Round "3.16"]
[White "Chernobilskiy, Mikhail"]
[Black "Standen, Julian"]
[Result "1/2-1/2"]
[WhiteElo "1883"]
[BlackElo "1625"]
[Annotator "Donaldson"]
[PlyCount "46"]
[EventDate "2013.??.??"]

1. d4 d5 2. Nf3 Nf6 3. Bf4 e6 4. g3 Bd6 5. Ne5 c5 6. Bg2 Nc6 7. e3 O-O 8. c3
Qe7 9. Nd2 Nd7 10. Nxc6 bxc6 11. Qa4 Bb7 12. O-O-O cxd4 13. Bxd6 Qxd6 14. exd4
c5 15. Qa3 Qc7 16. Kb1 Rfc8 17. Rc1 Qb6 18. Qb3 cxd4 19. Qxb6 axb6 20. cxd4 Ba6
21. Bf1 Rxc1+ 22. Kxc1 Bxf1 23. Rxf1 Rxa2 {
Black agreed to a draw here but could have safely continued.} 1/2-1/2

[Event "Mechanics' Summer TNM; 30/90, SD/30"]
[Site "San Francisco"]
[Date "2013.06.18"]
[Round "4.10"]
[White "Chernobilskiy, Mikhail"]
[Black "Traub, Igor"]
[Result "0-1"]
[WhiteElo "1864"]
[BlackElo "2074"]
[PlyCount "50"]
[EventDate "2013.??.??"]

1. e4 e6 2. Nc3 d5 3. d4 Bb4 4. e5 c5 5. Qg4 Ne7 6. Bg5 Nbc6 7. Bb5 cxd4 8.
Bxe7 Qxe7 9. Qxd4 O-O 10. Bxc6 bxc6 11. O-O-O Qg5+ 12. f4 Qxg2 13. Nge2 c5 14.
Qd3 Qg6 15. Qf3 Ba6 16. Rdg1 Qh6 17. Rg5 g6 18. Ng3 f6 19. Nf5 exf5 20. Qxd5+
Kh8 21. exf6 Rad8 22. Qc6 Bc4 23. Rd1 Qxh2 24. Qc7 Rxd1+ 25. Nxd1 Qd2+ 0-1

[Event "Mechanics' Neil Falconer TNM; 30/90, SD"]
[Site "San Francisco"]
[Date "2013.09.17"]
[Round "7.3"]
[White "Chernobilskiy, Mikhail"]
[Black "Whitehead, Paul"]
[Result "0-1"]
[WhiteElo "1883"]
[BlackElo "2385"]
[PlyCount "84"]
[EventDate "2013.??.??"]

1. e4 c5 2. Nf3 Nc6 3. d4 cxd4 4. Nxd4 e6 5. Nb5 d6 6. c4 Nf6 7. N1c3 a6 8. Na3
Be7 9. Be3 b6 10. Be2 O-O 11. f4 Rb8 12. O-O Re8 13. Nc2 Bf8 14. Bf3 Qc7 15.
Qe2 g6 16. Rad1 Bg7 17. Rd2 e5 18. Rfd1 exf4 19. Bxf4 Ne5 20. Rxd6 Nxf3+ 21.
gxf3 Nh5 22. Bg5 Be6 {This wins the Queen but the cost is too great.} 23. Nd5
$4 (23. Qd2 $11) 23... Qxd6 24. Ne7+ Qxe7 25. Bxe7 Rxe7 26. Ne3 Nf4 27. Qc2 Rc8
28. b3 Be5 29. b4 a5 30. a3 axb4 31. axb4 Rec7 32. Qa2 Bxc4 33. Nxc4 Rxc4 34.
Rd8+ Rxd8 35. Qxc4 Rd1+ 36. Kf2 Rd2+ 37. Ke1 Rxh2 38. Qb5 Bc3+ 39. Kf1 Bd4 40.
Ke1 Be3 41. Kd1 Rd2+ 42. Ke1 Rc2 0-1

[Event "Mechanics' Fall TNM; 30/90, SD/30"]
[Site "San Francisco"]
[Date "2013.12.10"]
[Round "8.5"]
[White "Chernobilskiy, Mikhail"]
[Black "Winslow, Elliott"]
[Result "0-1"]
[WhiteElo "1883"]
[BlackElo "2280"]
[Annotator "Donaldson"]
[PlyCount "80"]
[EventDate "2013.??.??"]

1. e4 c5 2. Nf3 d6 3. Bb5+ Nd7 4. d4 Ngf6 5. e5 Qa5+ 6. Nc3 Ne4 7. Bd2 Nxc3 8.
Bxd7+ Bxd7 9. Bxc3 Qa6 10. exd6 (10. d5) 10... exd6 11. Qe2+ Qxe2+ 12. Kxe2 f6
13. Rad1 (13. b3 {was seen in game four of the Anand-Gelfand rapid playoff in
their World Championship match in 2012.}) 13... Kf7 14. Rhe1 Bb5+ 15. Kd2 g6
16. Kc1 Bh6+ 17. Bd2 Bg7 18. Bc3 $6 Rhe8 19. b3 $2 {Diagram #} Be2 $1 20. Ne5+
(20. Rd2 Bh6 (20... Bxf3 21. Rxe8 Rxe8 22. gxf3 Bh6)) 20... dxe5 21. Rxe2 Bh6+
(21... cxd4) 22. Bd2 Bxd2+ 23. Kxd2 cxd4 24. c3 Rad8 25. cxd4 Rxd4+ 26. Ke1
Rxd1+ 27. Kxd1 f5 28. Kd2 Ke6 29. f4 e4 30. Ke3 Rc8 31. Rd2 h6 32. g4 Rc3+ 33.
Kd4 Rd3+ 34. Rxd3 exd3 35. gxf5+ Kxf5 36. Kxd3 Kxf4 37. Kd4 g5 38. b4 g4 39. a4
h5 40. a5 h4 0-1

[Event "Mechanics' Spring TNM; 30/90, SD/30"]
[Site "San Francisco"]
[Date "2013.03.26"]
[Round "2.32"]
[White "Cohee, James"]
[Black "Harris, Clarence"]
[Result "1-0"]
[WhiteElo "1656"]
[BlackElo "1382"]
[PlyCount "89"]
[EventDate "2013.??.??"]

1. d4 Nf6 2. c4 g6 3. Nc3 Bg7 4. e4 d6 5. Nf3 O-O 6. Be2 e5 7. Bg5 Qe8 8. d5 a5
9. O-O Na6 10. h3 Nc5 11. Qc2 Bd7 12. Nd2 a4 13. Rae1 a3 14. b3 Na6 15. Be3 Nb4
16. Qc1 Ra5 17. c5 Qa8 18. Nc4 Nxe4 19. Nxe4 Nxa2 20. Qa1 Nb4 21. Nxa5 Qxa5 22.
Bd2 dxc5 23. Rc1 b6 24. Bc3 Bf5 25. Nd2 Rc8 26. g4 Bc2 27. Rxc2 Nxc2 28. Bxa5
Nxa1 29. Rxa1 bxa5 30. Rxa3 Ra8 31. Nc4 e4 32. Rxa5 Rxa5 33. Nxa5 Be5 34. Nb7
Bd6 35. Kg2 f5 36. Nxd6 cxd6 37. Kg3 Kg7 38. g5 h6 39. Kf4 hxg5+ 40. Kxg5 Kf7
41. h4 Kg7 42. h5 gxh5 43. Kxf5 h4 44. Kxe4 h3 45. Kf3 1-0

[Event "Mechanics' Spring TNM; 30/90, SD/30"]
[Site "San Francisco"]
[Date "2013.04.09"]
[Round "4.21"]
[White "Cohee, James"]
[Black "Manvelyan, Hovik"]
[Result "0-1"]
[WhiteElo "1656"]
[BlackElo "1920"]
[Annotator "Donaldson"]
[PlyCount "48"]
[EventDate "2013.??.??"]

1. d4 e6 2. c4 f5 3. g3 Nf6 4. Bg2 Be7 5. Nh3 O-O 6. O-O d6 7. Nc3 c6 8. Qc2
Qc7 9. e4 fxe4 10. Nxe4 d5 11. Bf4 $1 Qd8 12. Neg5 h6 13. Nf3 Nh7 14. Be5 Nd7
15. Nf4 Nxe5 16. Nxe5 Bd6 17. Rae1 Bxe5 18. Rxe5 Qf6 19. h4 $1 Rf7 20. Rfe1 Nf8
21. Bh3 {White systematically lays siege to the weak e6 pawn.} Bd7 22. Qe2 (22.
R1e3 {followed by Qe2 was also good as was}) (22. b3) 22... dxc4 23. Nh5 $2 (
23. Qxc4 $18 Ng6 24. R5e4) 23... Qg6 (23... Qf3 $14) 24. Nf4 (24. Qxc4 $18)
24... Rxf4 {White resigned here, missing that 25.h5 is winning. This was a
tragedy, as he had completely outplayed his higher-rated opponent.} (24... Qf6)
0-1

[Event "Mechanics' Spring TNM; 30/90, SD/30"]
[Site "San Francisco"]
[Date "2013.05.07"]
[Round "8.30"]
[White "Cohee, James"]
[Black "Melville, Cailen"]
[Result "0-1"]
[WhiteElo "1656"]
[BlackElo "1863"]
[PlyCount "86"]
[EventDate "2013.??.??"]

1. d4 e6 2. c4 b6 3. Nc3 Bb7 4. e3 Bb4 5. Nge2 Nf6 6. a3 Be7 7. Nf4 O-O 8. Bd3
d5 9. cxd5 exd5 10. O-O Re8 11. Bd2 Nbd7 12. Rc1 Rc8 13. Re1 Bf8 14. Qb3 c6 15.
Qc2 g6 16. Qd1 Bg7 17. Qf3 Re7 18. h4 Qe8 19. Qh3 h5 20. Qg3 Nf8 21. Nh3 Ne6
22. Nf4 Nf8 23. Nh3 Ng4 24. Re2 Rd8 25. Rce1 Qd7 26. b4 Nh7 27. Nd1 Rde8 28. f3
Ngf6 29. Ng5 Nxg5 30. hxg5 Nh7 31. f4 Qc7 32. Kh2 Bc8 33. Nf2 Nf8 34. Rc1 Bxd4
35. Rce1 Bb2 36. e4 Bd4 37. e5 c5 38. Qf3 Bxf2 39. Qxf2 Bg4 40. Re3 c4 41. Be2
d4 42. Re4 Bxe2 43. Qxe2 d3 0-1

[Event "Mechanics' Spring TNM; 30/90, SD/30"]
[Site "San Francisco"]
[Date "2013.04.23"]
[Round "6.33"]
[White "Cohee, James"]
[Black "Rubandhas, Samprabhu"]
[Result "1-0"]
[WhiteElo "1656"]
[BlackElo "1333"]
[PlyCount "53"]
[EventDate "2013.??.??"]

1. d4 d5 2. c4 c6 (2... e6 3. Nc3 Nf6 4. cxd5 exd5 5. Bg5 Be7 6. e3 c6 7. Bd3
O-O 8. Qc2 Nbd7 9. Nf3 Re8 10. O-O h6 11. Bf4 Nh5 $2 12. Nxd5 $1 Nxf4 (12...
cxd5 13. Bc7) 13. Nxf4 (13. Nxe7+ Qxe7 14. exf4 $16)) 3. Nf3 Nf6 4. cxd5 cxd5
5. Nc3 e6 (5... Nc6 6. Bf4 Bf5) 6. Bf4 Nbd7 $6 (6... Nc6 7. e3 Be7 8. Bd3 O-O
9. O-O Nh5 10. Bg3 (10. Rc1 Nxf4 11. exf4) (10. Be5 f6 (10... Nxe5 11. dxe5 $14
) (10... f5 11. Rc1 Nf6 12. Bxf6 gxf6 $5 $11 (12... Bxf6 $11)) 11. Ng5 g6)) 7.
e3 Be7 8. Bd3 O-O 9. O-O a6 10. Qc2 Re8 (10... b5 $142) 11. Ne5 (11. Nb5 $1
axb5 12. Bc7) 11... g6 12. h3 Bf8 13. Bg5 Bg7 14. f4 Qc7 (14... b5 $142 15.
Rac1 Bb7) 15. Rac1 Qb8 16. Qf2 Rf8 17. Qh4 Ne4 (17... b5 $142) 18. Nxe4 dxe4
19. Nxd7 Bxd7 20. Bxe4 f5 21. Bf3 Rc8 22. Bf6 Bc6 23. Bxg7 Bxf3 24. Be5 Rxc1
25. Rxc1 Qd8 26. Qxd8+ (26. Bf6 Qd5 27. Rc7 Bh5 28. Rg7+ Kf8 29. Rxh7 b5 30.
Be5) 26... Rxd8 27. gxf3 1-0

[Event "Mechanics' Fall TNM; 30/90, SD/30"]
[Site "San Francisco"]
[Date "2013.11.12"]
[Round "4.9"]
[White "Cole, Tony"]
[Black "Anderson, Michael"]
[Result "0-1"]
[WhiteElo "1402"]
[BlackElo "1936"]
[PlyCount "88"]
[EventDate "2013.??.??"]

1. e4 c5 2. Nc3 Nc6 3. Nf3 g6 4. d4 cxd4 5. Nxd4 Bg7 6. Be3 a6 7. Na4 Qa5+ 8.
c3 b5 9. Nxc6 Qxa4 10. Qxa4 bxa4 11. Nd4 Rb8 12. Bc1 Bb7 13. Bd3 e5 14. Ne2 Nf6
15. f3 d5 16. exd5 Nxd5 17. O-O O-O 18. f4 Rfd8 19. Bc4 Nb6 20. b3 Nxc4 21.
bxc4 Be4 22. Ng3 Bd3 23. Rd1 e4 24. Be3 Bxc3 25. Rac1 Bb2 26. c5 Bxc1 27. Rxc1
Rb1 28. f5 Rdb8 29. Kf2 R8b2+ 30. Ke1 Rxc1+ 31. Bxc1 Rc2 32. Kd1 Rxc5 33. f6
Rc2 34. a3 Rxg2 35. Bf4 Rxh2 36. Ke1 Ra2 37. Bd6 e3 38. Be5 Rxa3 39. Nf1 Bxf1
40. Kxf1 Ra2 41. Bd6 h5 42. Ke1 h4 43. Kf1 h3 44. Be5 a3 {and won} 0-1

[Event "Mechanics' Spring TNM; 30/90, SD/30"]
[Site "San Francisco"]
[Date "2013.04.23"]
[Round "6.29"]
[White "Cole, Tony"]
[Black "Bayaraa, Chinguun"]
[Result "0-1"]
[WhiteElo "1439"]
[BlackElo "1644"]
[PlyCount "58"]
[EventDate "2013.??.??"]

1. e4 e5 2. Nf3 Nc6 3. Nc3 d6 4. d4 Bg4 5. dxe5 Nxe5 6. h3 Bh5 7. g4 Bg6 8. Bd3
Nxd3+ 9. cxd3 Nf6 10. Qb3 Rb8 11. Qa4+ Nd7 12. Qxa7 Nc5 13. Qa5 Nxd3+ 14. Kf1
Nc5 15. Kg2 Be7 16. Nd5 b6 17. Qb5+ Qd7 18. Nxc7+ Kd8 19. Qxd7+ Kxd7 20. Nd5
Bxe4 21. Nxe7 Kxe7 22. Re1 Kd7 23. b4 Bxf3+ 24. Kxf3 Nd3 25. Re4 Rhe8 $11 26.
Bd2 Ne5+ 27. Ke3 $4 (27. Kg3) 27... Nc4+ 28. Kd3 Rxe4 29. Kxe4 Nxd2+ 0-1

[Event "Mechanics' Spring TNM; 30/90, SD/30"]
[Site "San Francisco"]
[Date "2013.04.09"]
[Round "4.39"]
[White "Cole, Tony"]
[Black "Cowgill, Jackie"]
[Result "1-0"]
[WhiteElo "1439"]
[BlackElo "1025"]
[Annotator "Donaldson"]
[PlyCount "87"]
[EventDate "2013.??.??"]

1. e4 e5 2. Nf3 Nc6 3. Nc3 Nf6 4. Bc4 Bc5 5. h3 a6 6. a3 O-O 7. d3 d6 8. Bg5 h6
9. Bh4 g5 10. Nxg5 hxg5 11. Bxg5 Be6 12. Bd5 Kg7 13. Qf3 Rg8 14. O-O-O Nd4 15.
Qg3 c6 16. Bxe6 fxe6 17. h4 Qd7 18. f4 b5 19. fxe5 b4 20. exf6+ Kf7 21. axb4
Bxb4 22. Rde1 e5 23. h5 Ne6 24. Qh3 Qe8 25. Bh4 Ng5 26. Qf5 Qe6 27. Qxe6+ Nxe6
28. g3 Rh8 29. g4 Rag8 30. Reg1 Bc5 31. Rg2 Be3+ 32. Kd1 Bg5 33. Rf2 Bf4 34.
Ne2 Rxg4 35. Nxf4 Nxf4 36. Rfh2 Ng2 37. Bf2 Nf4 38. Rh4 Rxh5 $4 (38... Rxh4 39.
Bxh4 Rxh5 $11) 39. Rxh5 Nxh5 40. Rxh5 Kxf6 41. Ke2 Rg8 42. d4 exd4 43. Bxd4+
Ke6 44. Rh6+ 1-0

[Event "Mechanics' Fall TNM; 30/90, SD/30"]
[Site "San Francisco"]
[Date "2013.12.17"]
[Round "9.26"]
[White "Cole, Tony"]
[Black "Cowgill, Jackie"]
[Result "1-0"]
[WhiteElo "1402"]
[BlackElo "983"]
[PlyCount "55"]
[EventDate "2013.??.??"]

1. e4 e5 2. Nf3 Nc6 3. Nc3 Nf6 4. d4 Bb4 5. Qd3 d6 6. Bg5 h6 7. Bh4 g5 8. Bg3
Nh5 9. a3 Nxg3 10. fxg3 Bxc3+ 11. Qxc3 Qd7 12. O-O-O b6 13. dxe5 Bb7 14. e6
Qxe6 15. Qxh8+ Kd7 16. Qg7 Rd8 17. Kb1 Kc8 18. e5 Qg6 19. Qf6 dxe5 20. Rxd8+
Nxd8 21. Qxe5 Be4 22. Ba6+ Kb8 23. Nd4 Bb7 24. Bd3 Qd6 25. Qh8 a6 26. Rd1 Bc6
27. Nxc6+ Qxc6 28. Qxd8+ 1-0